Statistics for World's Least Happy Countries

Click here to take the quiz!

General Stats

  • This quiz has been taken 101 times
  • The average score is 14 of 20

Answer Stats

RankUnhappy Country% Correct
18United States
95%
13United Kingdom
92%
4Iceland
90%
7Sweden
88%
1Finland
87%
2Denmark
85%
5Norway
84%
11Canada
82%
17Germany
81%
16Ireland
78%
6Netherlands
72%
12Australia
71%
20Belgium
70%
3Switzerland
70%
9Austria
69%
10Luxembourg
67%
8New Zealand
65%
19Czech Republic
60%
14Israel
37%
15Costa Rica
7%

Score Distribution

Percentile by Number Answered

Percent of People with Each Score

Your Score History

You have not taken this quiz